Jornada Conmemorativa del Cincuentenario de la Constitución de 1950/ (Registro nro. 9784)
[ vista simple ]
| 000 -LEADER | |
|---|---|
| fixed length control field | 00982nam a2200181Ia 4500 |
| 005 - FECHA Y HORA DE LA ÚLTIMA TRANSACCIÓN | |
| control field | 20231013101659.0 |
| 008 - FIXED-LENGTH DATA ELEMENTS--GENERAL INFORMATION | |
| fixed length control field | 231013s9999 xx 000 0 und d |
| 040 ## - CATALOGING SOURCE | |
| Original cataloging agency | UPAN |
| Transcribing agency | Biblioteca San Vicente |
| Description conventions | RCAA2 |
| 041 ## - LANGUAGE CODE | |
| Language code of text/sound track or separate title | spa |
| 082 ## - DEWEY DECIMAL CLASSIFICATION NUMBER | |
| Classification number | 342 |
| Item number | C678j |
| año de publicación | 2000 |
| 110 ## - MAIN ENTRY--CORPORATE NAME | |
| Corporate name or jurisdiction name as entry element | Corte Suprema de Justicia |
| Relator code | aut. |
| 245 #0 - TITLE STATEMENT | |
| Title | Jornada Conmemorativa del Cincuentenario de la Constitución de 1950/ |
| Statement of responsibility, etc | Corte Suprema de Justicia |
| 260 ## - PUBLICATION, DISTRIBUTION, ETC. (IMPRINT) | |
| Place of publication, distribution, etc | El Salvador: |
| Name of publisher, distributor, etc | Corte Suprema de Justicia, |
| Date of publication, distribution, etc | 2002 |
| 300 ## - PHYSICAL DESCRIPTION | |
| Extent | 100 p.; |
| Dimensions | 22 cm. |
| 505 ## - FORMATTED CONTENTS NOTE | |
| Formatted contents note | 1. Discurso Inagural de la Jornada Conmemorativa del Cincuentenario de la Constituciòn de 1950, 2. Reflexiones sobre la Constituciòn de 1950, 3. Proyecciòn Històrica de la Constituciòn de 1950, 4. Aspecto jurìdico de la Constituciòn de 1950, 5. La Constituciòn de 1950 y los Procesos Constitucionales, 6. Contenido y Proyecciòn del Anteproyecto de Constituciòn Polìtica de 1950 |
| 650 ## - SUBJECT ADDED ENTRY--TOPICAL TERM | |
| Source of heading or term | LEMB |
| Form subdivision | Cronología |
| General subdivision | Constitución |
| 942 ## - ADDED ENTRY ELEMENTS (KOHA) | |
| Koha item type | Libros |
| Source of classification or shelving scheme | Dewey Decimal Classification |
| Withdrawn status | Lost status | Source of classification or shelving scheme | Damaged status | Not for loan | Collection code | Home library | Current library | Date acquired | Total Checkouts | Full call number | Barcode | Date last seen | Copy number | Price effective from | Koha item type |
|---|---|---|---|---|---|---|---|---|---|---|---|---|---|---|---|
| Dewey Decimal Classification | Referencia | Biblioteca UPAN San Vicente | Biblioteca UPAN San Vicente | 13/10/2023 | 342 C678j | 12002073 | 13/10/2023 | 01 | 13/10/2023 | Libros | |||||
| Dewey Decimal Classification | Referencia | Biblioteca UPAN San Vicente | Biblioteca UPAN San Vicente | 13/10/2023 | 342 C678j | 12002074 | 13/10/2023 | 02 | 13/10/2023 | Referencia | |||||
| Dewey Decimal Classification | Colección General | Biblioteca UPAN San Vicente | Biblioteca UPAN San Vicente | 13/10/2023 | 342 C678j | 12002075 | 13/10/2023 | 03 | 13/10/2023 | Libros | |||||
| Dewey Decimal Classification | Colección General | Biblioteca UPAN San Vicente | Biblioteca UPAN San Vicente | 13/10/2023 | 342 C678j | 12002076 | 13/10/2023 | 04 | 13/10/2023 | Referencia | |||||
| Dewey Decimal Classification | Referencia | Biblioteca UPAN San Vicente | Biblioteca UPAN San Vicente | 13/10/2023 | 342 C678j | 12002077 | 13/10/2023 | 05 | 13/10/2023 | Referencia | |||||
| Dewey Decimal Classification | Referencia | Biblioteca UPAN San Vicente | Biblioteca UPAN San Vicente | 13/10/2023 | 342 C678j | 12002078 | 13/10/2023 | 06 | 13/10/2023 | Referencia |